Lilás - Djavan - Statistics

Estatísticas Gerais
  • Esse quiz foi jogado 13 vezes
  • A pontuação média é 64 de 79
Estatísticas das Respostas
Resposta % Correto
de
100%
de
100%
de
100%
de
100%
do
100%
do
100%
e
100%
e
100%
e
100%
e
100%
eu
100%
lilás
100%
mar
100%
mar
100%
o
100%
pôr
100%
pra
100%
pra
100%
100%
sol
100%
ver
100%
ver
100%
amor
91%
azul
91%
dia
91%
dia
91%
no
91%
no
91%
no
91%
no
91%
outro
91%
outro
91%
que
91%
quero
91%
se
91%
se
91%
seu
91%
amanhã
82%
céu
82%
como
82%
cor
82%
ele
82%
lindo
82%
lua
82%
mais
82%
ventania
82%
viajar
82%
ar
73%
ar
73%
beija
73%
clareou
73%
encantou
73%
na
73%
pela
73%
raio
73%
raio
73%
sai
73%
uma
73%
deixa
64%
gente
64%
libertou
64%
luz
64%
meu
64%
muito
64%
nas
64%
olhar
64%
passa
64%
prata
64%
abraça
55%
chover
55%
emoção
55%
estrelas
55%
nuvem
55%
passar
55%
perdidas
55%
pontas
55%
trovejar
55%
brinca
45%
surgia
45%
Nenhum quiz correspondente encontrado
Distribuição das Pontuações
Porcentagem de Pessoas com Cada Pontuação
Percentil de Números Respondidos
Sua Pontuação Histórica
Você não jogou esse quiz